000 00590nam a22001937a 4500
005 20251108173235.0
008 250721s1994 xx 000 0 ara d
082 1 4 _aط/797.2/بول
100 1 _aبول، بيتر بروك
245 1 0 _aالسباحة /
264 1 _aبيروت :
_bمكتبة لبنان،
_c1994.
300 _a47ص.
490 0 _aكتب الفراشة الرياضة للجميع
650 1 7 _aالسباحة
653 _aأطفال مرحلة متوسطة ( 6 - 9 سنوات )
700 1 _aتابري، هاني
_etran.
942 _2ddc
_cBK
999 _c99308
_d99308